000 00300nam a2200109Ia 4500
008 240731s9999 xx 000 0 und d
245 0 _aPhosphorus and Sulfur and the Related Elements
260 _bTaylor & Francis
856 _uhttps://www.tandfonline.com/loi/gpss19
942 _2ddc
942 _cTFEJ
999 _c78931
_d78931
945 _a1
_bMadushi Gamage
_c1
_dMadushi Gamage